| 000 | 00582nam a2200181Ia 4500 | ||
|---|---|---|---|
| 008 | 090124s9999 xx 000 0 und d | ||
| 082 | _b26234 | ||
| 100 | _aनाडकर्णी वासंती | ||
| 245 | _a असंही अपत्य | ||
| 250 | _a0 | ||
| 260 |
_bउत्कर्ष प्रकाशन _c1987 |
||
| 300 | _a162 | ||
| 600 | _aनाडकर्णी वासंती | ||
| 630 | _a असंही अपत्य | ||
| 700 | _aनाडकर्णी वासंती | ||
| 730 | _a असंही अपत्य | ||
| 942 | _cBOOK | ||
| 999 |
_c93755 _d93755 |
||